Ciencia con creatividad

Saved in:
Bibliographic Details
Main Author: Levinas, Marcelo Leonardo (Author)
Format: Book
Language:Spanish
Published: Buenos Aires Aique 1991
Edition:3a. ed
Series:Aique Didáctica
Subjects:
Tags: Add Tag
No Tags, Be the first to tag this record!

MARC

LEADER 00000nam a2200000 a 4500
001 UCL0888
003 CL-VaPUC
008 030825e19910000AG |||||||||||||||||spa|d
020 |a 9509003603 
082 0 4 |a 372.35  |b LEV  |2 21 
100 |a Levinas, Marcelo Leonardo  |e author  |9 533309 
245 1 0 |a Ciencia con creatividad 
250 |a 3a. ed 
300 |a 114 p 
942 |c BK 
945 |d 20030825 00:00:00  |a cmena 
260 |a Buenos Aires  |b Aique  |c 1991 
650 0 |a Educación científica   |9 307484 
650 0 |a Métodos de enseñanza  |9 270413 
650 0 |a Educación básica   |9 224933 
650 0 |a Creatividad   |9 310816 
650 0 |a Psicología del niño  |9 307305 
583 |a last modification  |c 20030825 00:00:00  |k Rodrigo Vera 
490 0 |a Aique Didáctica 
999 |c 304614  |d 304612 
952 |0 0  |1 0  |4 0  |6 372_350000000000000_LEV_1991  |7 0  |8 A  |9 367124  |a BIBEDU  |b BIBEDU  |d 2019-11-21  |i 3932850  |o 372.35 LEV 1991  |p 3932850  |r 2019-11-21  |w 2019-11-21  |y BK  |k EPE